000 00570nam a2200205Ia 4500
001 19038
003 GE_BSU
008 181216s||||||||xx |||||||||||||| ||und||
040 _cGE_BSU
245 _aВрач. №2. 2016
245 _cГл.ред. Денисов И.Н. и др,
260 _aМосква
260 _bрасский врач
260 _c2016
300 _a88стр,ил,29см
653 _aВрач
653 _aежемесячный научно-практический журнал
653 _aპერიოდიკა
942 _cCR
999 _c52034
_d52034